NEW DIRECTIONS IN BUSINESS ETHICS (Record no. 30989)
[ view plain ]
| 000 -LEADER | |
|---|---|
| fixed length control field | 00373nam a2200145Ia 4500 |
| 008 - FIXED-LENGTH DATA ELEMENTS--GENERAL INFORMATION | |
| fixed length control field | 240624s9999 xx 000 0 und d |
| 041 ## - LANGUAGE CODE | |
| Language code of text/sound track or separate title | eng |
| 082 ## - DEWEY DECIMAL CLASSIFICATION NUMBER | |
| Classification number | 174.4 CRA |
| 100 ## - MAIN ENTRY--PERSONAL NAME | |
| Personal name | CRANE ANDREW |
| 245 ## - TITLE STATEMENT | |
| Title | NEW DIRECTIONS IN BUSINESS ETHICS |
| 260 ## - PUBLICATION, DISTRIBUTION, ETC. | |
| Date of publication, distribution, etc. | 2012 |
| Place of publication, distribution, etc. | London |
| Name of publisher, distributor, etc. | Sage Publication |
| 300 ## - PHYSICAL DESCRIPTION | |
| Extent | xxviii, 383 p.; 24 cm. , p. , cm. |
| 365 ## - TRADE PRICE | |
| Currency code | BPS |
| Price amount | 38 |
| 440 ## - SERIES STATEMENT/ADDED ENTRY--TITLE | |
| Volume/sequential designation | 2 |
| Withdrawn status | Lost status | Damaged status | Not for loan | Home library | Current library | Shelving location | Date acquired | Full call number | Barcode | Date last seen | Copy number | Price effective from | Koha item type |
|---|---|---|---|---|---|---|---|---|---|---|---|---|---|
| IMTN | IMTN | Rack 4-A | 09/05/2018 | 174.4 CRA | 30989 | 06/24/2024 | 94.4 | 06/24/2024 | Books |